Manual de prostodoncia total preclínica y clínica / (Registro nro. 23444)

Detalles MARC
000 -LEADER
fixed length control field 01398nam a2200313 4500
001 - CONTROL NUMBER
control field 0000031100
003 - CONTROL NUMBER IDENTIFIER
control field CO-CtgCURN
005 - DATE AND TIME OF LATEST TRANSACTION
control field 20250527175504.0
007 - PHYSICAL DESCRIPTION FIXED FIELD--GENERAL INFORMATION
fixed length control field ta
008 - FIXED-LENGTH DATA ELEMENTS--GENERAL INFORMATION
fixed length control field 160708s1993 000 0 eng d
040 ## - CATALOGING SOURCE
Original cataloging agency CO-CtgCURN
Language of cataloging spa
Transcribing agency coctgcurn
082 0# - DEWEY DECIMAL CLASSIFICATION NUMBER
Classification number 617.69
Item number R422m
100 1# - MAIN ENTRY--PERSONAL NAME
Personal name Ricciulli Vidal, José Vicente.
245 10 - TITLE STATEMENT
Title Manual de prostodoncia total preclínica y clínica /
Statement of responsibility, etc. José Vicente Ricciulli Vidal.
250 ## - EDITION STATEMENT
Edition statement 9a ed.
260 ## - PUBLICATION, DISTRIBUTION, ETC.
Place of publication, distribution, etc. Cartagena de Indias :
Name of publisher, distributor, etc. Universidad de Cartagena,
Date of publication, distribution, etc. 1993.
300 ## - PHYSICAL DESCRIPTION
Extent 153 p.
336 ## - CONTENT TYPE
Source rdacontent
337 ## - MEDIA TYPE
Source rdamedia
Media type term sin mediacion
Media type code n
338 ## - CARRIER TYPE
Source rdacarrier
Carrier type term volumen
Carrier type code nc
500 ## - GENERAL NOTE
General note Incluye indice.
505 8# - FORMATTED CONTENTS NOTE
Formatted contents note 505Prostodoncia total preclinica.--Prostodoncia total clinica.--Tratamiento del paciente desdentado total superior e inferior.--Tratamiento del paciente desdentado superior con protesis parcial removible inferior.--Tratamiento del paciente desdentado superior.--Tratamiento del paciente desdentado Inferior.--Historia clinica-protesis total.--Sobredentadura.--Reparaciones.--Rebases.--Cambio de bases
650 14 - SUBJECT ADDED ENTRY--TOPICAL TERM
Topical term or geographic name entry element Protesis
Form subdivision Extremidades inferiores.
650 14 - SUBJECT ADDED ENTRY--TOPICAL TERM
Topical term or geographic name entry element Protesis dental parcial removible.
730 0# - ADDED ENTRY--UNIFORM TITLE
Uniform title Bolivar-Bibliografia regional.
908 ## - PUT COMMAND PARAMETER (RLIN)
Put command parameter 160708
942 ## - ADDED ENTRY ELEMENTS (KOHA)
Koha item type Libros
Classification part 617.69
Item part R422m
Source of classification or shelving scheme Dewey Decimal Classification
Suppress in OPAC No
Existencias
Withdrawn status Lost status Source of classification or shelving scheme Damaged status Not for loan Collection Home library Current library Shelving location Date acquired Inventory number Total checkouts Full call number Barcode Date last seen Price effective from Koha item type Public note
    Dewey Decimal Classification     General Miguel Henríquez Emiliani Miguel Henríquez Emiliani General 03/31/2025 014710   617.69 R422m 014710 03/31/2025 03/31/2025 Libros 610-CIENME